Dandy's World Toons and their trinkets - Statistics

General Stats
  • This quiz has been taken 103 times
  • The average score is 27 of 80
Answer Stats
Answer % Correct
Vee
75%
Poppy
70%
Dandy
68%
Sprout
68%
Bassie
67%
Boxten
67%
Shelly
65%
Pebble
63%
Astro
62%
Bobette
60%
Gourdy
57%
Dyle
55%
Pink Bow
50%
Rudie
50%
Coal
48%
Coal
48%
Goob
48%
Cosmo
47%
Shrimpo
47%
Vee's Remote/Veemote
47%
Scraps
45%
Tisha
43%
Toodles
43%
Bone
42%
Dog Plush
42%
Ginger
42%
Looey
42%
Yatta
42%
Blot
40%
Blue Bandana
40%
Brusha
38%
Soulvester
38%
Star Pillow
38%
Toy Kit
38%
Brick
37%
Eggson
37%
Rodger
37%
Dandy Plush
35%
Flutter
35%
Flyte
35%
Glisten
35%
Whispering Flower
35%
Ribecca
33%
Teagan
33%
Brightney
32%
Connie
32%
Finn
32%
Participation Award
32%
Savory Charm
32%
Sweet Charm
32%
Train Whistle
32%
Eclipse
30%
Cocoa
28%
Gigi
28%
Friendship Bracelet
23%
Memory Locket
23%
Diary
22%
Crayon Set
20%
Egg Radar
20%
Mime Makeup
20%
Clown Horn
17%
Paint Bucket
17%
Peppermint Icing
17%
Scrapbook
17%
Fishing Rod
15%
Magnifying Glass
15%
Party Popper
15%
Vanity Mirror
15%
Fancy Purse
13%
Feather Duster
13%
Lucky Coin
12%
Razzle and Dazzle
12%
Ghost Snakes in a Can
10%
Glazed Fondant Bag
10%
Light Bulb
8%
Soul Sword
7%
Ribbon Spool
5%
Christmas Lights
3%
Moon Pack Heirloom
3%
Sewing Kit
2%
No matching quizzes found
Score Distribution
Percent of People with Each Score
Percentile by Number Answered
Your Score History
You have not taken this quiz